[Event "Hessen-ch B"]
[Site "Frankfurt/Main"]
[Date "2019.05.31"]
[Round "4"]
[White "Saluvar, Buelent"]
[Black "Elpelt, Frank"]
[Result "1/2-1/2"]
[WhiteElo "1692"]
[BlackElo "1572"]
[PlyCount "78"]
[EventDate "2019.05.30"]
[EventType "swiss"]
[EventRounds "7"]
[EventCountry "GER"]

1. d4 d5 2. c4 c6 3. e3 Nf6 4. Nc3 e6 5. Nf3 Bd6 6. Bd3 O-O 7. b3 Nbd7 8. O-O
dxc4 9. bxc4 b6 10. e4 Bb4 11. Qb3 Ba5 12. e5 Ne8 13. Qc2 h6 14. Rd1 Qc7 15.
Ne4 c5 16. dxc5 Nxc5 17. Nxc5 Qxc5 18. a4 Bb7 19. Be3 Qc7 20. Be4 f6 21. Bxb7
Qxb7 22. Qg6 Qf7 23. Qg3 Kh7 24. c5 Bc3 25. Rac1 Bxe5 26. Nxe5 fxe5 27. c6 Nf6
28. Qxe5 Nd5 29. f3 Rac8 30. Bd4 Rc7 31. Re1 Re8 32. Qe4+ Kh8 33. Be5 Rcc8 34.
Qh4 Kh7 35. Qe4+ Kh8 36. Qh4 Kh7 37. Qg3 Nb4 38. Rc4 Nxc6 39. h4 Nxe5 1/2-1/2

[Event "Hessen-ch B"]
[Site "Frankfurt/Main"]
[Date "2019.05.31"]
[Round "4"]
[White "Schellen, Sven"]
[Black "Krist, Stephan"]
[Result "1-0"]
[WhiteElo "1853"]
[BlackElo "1618"]
[PlyCount "23"]
[EventDate "2019.05.30"]
[EventType "swiss"]
[EventRounds "7"]
[EventCountry "GER"]

1. d4 Nf6 2. c4 e6 3. Nf3 c5 4. Nc3 cxd4 5. Nxd4 Bb4 6. Qd3 d5 7. cxd5 Nxd5 8.
e4 Bxc3+ 9. bxc3 Ne7 10. Qb5+ Qd7 11. Ba3 O-O 12. Qxd7 1-0

[Event "Hessen-ch B"]
[Site "Frankfurt/Main"]
[Date "2019.05.31"]
[Round "4"]
[White "Siegismund, Florian"]
[Black "Westhof, Benedikt"]
[Result "1/2-1/2"]
[WhiteElo "1777"]
[BlackElo "1655"]
[PlyCount "82"]
[EventDate "2019.05.30"]
[EventType "swiss"]
[EventRounds "7"]
[EventCountry "GER"]

1. d4 Nf6 2. c4 e5 3. dxe5 Ng4 4. e3 Nxe5 5. a3 a5 6. f4 Ng6 7. Nc3 Bc5 8. Bd3
O-O 9. Ne4 Qe7 10. h4 Re8 11. h5 Nxf4 12. exf4 f5 13. h6 g6 14. Bc2 Qf7 15. Nf3
Qxc4 16. Ne5 Rxe5 17. fxe5 Kf8 18. Nxc5 Qxc5 19. Qe2 Ra6 20. Rh3 Re6 21. Bf4 g5
22. Bxf5 gxf4 23. Bxe6 Qg1+ 24. Qf1 Qxf1+ 25. Kxf1 dxe6 26. Rf3 Nd7 27. Rxf4+
Ke7 28. Re1 Nc5 29. Rc4 b6 30. b4 Ba6 31. bxc5 Bxc4+ 32. Kf2 b5 33. g4 Kf7 34.
g5 Kg6 35. Rg1 Bd5 36. Ke3 b4 37. axb4 axb4 38. Kf4 b3 39. Kg4 Be4 40. Rd1 b2
41. Rd7 Bf5+ 1/2-1/2

[Event "Hessen-ch B"]
[Site "Frankfurt/Main"]
[Date "2019.05.31"]
[Round "4"]
[White "Tiggemann, Felix"]
[Black "Shehab, Tarek"]
[Result "1/2-1/2"]
[WhiteElo "1574"]
[BlackElo "1585"]
[PlyCount "94"]
[EventDate "2019.05.30"]
[EventType "swiss"]
[EventRounds "7"]
[EventCountry "GER"]

1. e4 e5 2. Nf3 Nc6 3. Bc4 Bc5 4. c3 Nf6 5. d4 exd4 6. e5 d5 7. Bb5 Ne4 8. cxd4
Bb4+ 9. Bd2 Nxd2 10. Bxc6+ bxc6 11. Nbxd2 Bd7 12. O-O O-O 13. Rc1 Qe7 14. Nb3
Qe6 15. Qc2 a5 16. a3 Be7 17. Nc5 Bxc5 18. Qxc5 Rfb8 19. Rc2 Rb5 20. Qc3 Rab8
21. Nd2 Qg6 22. b3 Bh3 23. Qxh3 Qxc2 24. Qe3 Re8 25. f4 c5 26. a4 cxd4 27. Qxd4
Qc5 28. Qxc5 Rxc5 29. Kf2 Rc6 30. Rd1 Rb6 31. Rc1 c6 32. Rc3 Reb8 33. g3 Kf8
34. Rc5 Ra6 35. Rc3 Ke7 36. Nf3 Rb4 37. Ke3 Kd7 38. Nd4 Kc7 39. Kd3 Kd7 40. Ke3
Rb8 41. Kd3 g6 42. Kc2 Rc8 43. Kd3 c5 44. Nb5 Ke6 45. Nd4+ Kd7 46. Nb5 Ke6 47.
Nd4+ Kd7 1/2-1/2

[Event "Hessen-ch B"]
[Site "Frankfurt/Main"]
[Date "2019.05.31"]
[Round "4"]
[White "Ullmann, Ralf"]
[Black "Robinson, Jack"]
[Result "1-0"]
[WhiteElo "1856"]
[BlackElo "1749"]
[PlyCount "41"]
[EventDate "2019.05.30"]
[EventType "swiss"]
[EventRounds "7"]
[EventCountry "GER"]

1. e4 c5 2. Nc3 a6 3. d4 cxd4 4. Qxd4 Nc6 5. Qd2 Nf6 6. b3 b5 7. f3 e6 8. Bb2
Qb6 9. O-O-O Bc5 10. Kb1 Bxg1 11. Qg5 O-O 12. Nd5 Be3 13. Nxf6+ Kh8 14. Qh4 h6
15. Nh5 e5 16. f4 Qd8 17. Qg4 Rg8 18. Qf3 Bxf4 19. Nxf4 exf4 20. Qxf4 Qe7 21.
Qxh6# 1-0

[Event "Hessen-ch B"]
[Site "Frankfurt/Main"]
[Date "2019.05.31"]
[Round "4"]
[White "Warter, Simon"]
[Black "Zalewski, Ulrich"]
[Result "1/2-1/2"]
[WhiteElo "1439"]
[BlackElo "1793"]
[PlyCount "103"]
[EventDate "2019.05.30"]
[EventType "swiss"]
[EventRounds "7"]
[EventCountry "GER"]

1. e4 e5 2. Nf3 Nf6 3. Nxe5 d6 4. Nf3 Nxe4 5. d4 d5 6. Bd3 Be7 7. O-O Nc6 8. c3
Bg4 9. Re1 f5 10. h3 Bh5 11. Be2 O-O 12. Nfd2 Bxe2 13. Qxe2 Qd6 14. Nf3 Rae8
15. Qd3 Bf6 16. Nbd2 Re6 17. b4 Rfe8 18. Bb2 Qe7 19. Kf1 Qf7 20. Nh2 Qh5 21.
Nxe4 fxe4 22. Qg3 Bh4 23. Qg4 Qxg4 24. Nxg4 h5 25. Ne3 Rf8 26. Re2 Ref6 27. Nd1
Ne7 28. Bc1 Rg6 29. Kg1 Nf5 30. Kh2 Be7 31. Ne3 Bd6+ 32. Kh1 c6 33. Nxf5 Rxf5
34. Be3 Bf4 35. Rf1 Rgf6 36. Kg1 h4 37. Bxf4 Rxf4 38. Re3 g5 39. Re2 g4 40. Re3
g3 41. f3 Kg7 42. Kh1 Kf7 43. Kg1 Ke7 44. Rfe1 Re6 45. R1e2 Kd7 46. Kf1 Kc7 47.
Ke1 Kb6 48. a4 a5 49. fxe4 dxe4 50. Kd2 axb4 51. cxb4 Rd6 52. Kc3 1/2-1/2

[Event "Hessen-ch B"]
[Site "Frankfurt/Main"]
[Date "2019.05.31"]
[Round "4"]
[White "Weber, Andreas"]
[Black "Bahlo, Jens"]
[Result "0-1"]
[WhiteElo "1694"]
[BlackElo "1915"]
[PlyCount "72"]
[EventDate "2019.05.30"]
[EventType "swiss"]
[EventRounds "7"]
[EventCountry "GER"]

1. Nf3 Nc6 2. g3 d5 3. Bg2 Bg4 4. h3 Bf5 5. O-O Qd7 6. Kh2 e5 7. d3 Nf6 8. Nbd2
O-O-O 9. Nh4 Be6 10. Nhf3 h6 11. c3 g5 12. Ng1 h5 13. b4 Bd6 14. e4 dxe4 15. b5
Nb8 16. Nxe4 Nxe4 17. Bxe4 f5 18. Bg2 f4 19. Qf3 c6 20. bxc6 Nxc6 21. Rb1 g4
22. Qe4 f3 23. Nxf3 gxf3 24. Qxf3 h4 25. Rh1 Rdf8 26. Qe3 hxg3+ 27. fxg3 Bxh3
28. Be4 Bf5+ 29. Kg1 Rxh1+ 30. Bxh1 b6 31. Qh6 Bxd3 32. Ba3 Bxa3 33. Bxc6 Bc5+
34. Kh1 Qf5 35. Bd5 Be4+ 36. Bxe4 Qxe4+ 0-1

[Event "Hessen-ch B"]
[Site "Frankfurt/Main"]
[Date "2019.06.01"]
[Round "5"]
[White "Azizov, Fariz"]
[Black "Will, Steffen"]
[Result "1-0"]
[WhiteElo "1416"]
[BlackElo "1711"]
[PlyCount "73"]
[EventDate "2019.05.30"]
[EventType "swiss"]
[EventRounds "7"]
[EventCountry "GER"]

1. d4 Nf6 2. c4 d6 3. Nf3 g6 4. Nc3 Bf5 5. Bf4 Bg7 6. e3 Nbd7 7. Bd3 Bg4 8. Be2
O-O 9. O-O Nb6 10. b3 Nbd7 11. Rc1 c6 12. h3 Bxf3 13. Bxf3 e5 14. Bh2 Qa5 15.
Qc2 a6 16. Rfd1 Rad8 17. Rd2 Rfe8 18. Rcd1 Bf8 19. d5 c5 20. Be2 e4 21. Rf1 Qb6
22. f4 exf3 23. Rxf3 Bh6 24. Kf2 Bg7 25. Bd3 Ne5 26. Bxe5 Rxe5 27. Kg1 Re7 28.
Rdf2 Nd7 29. Rf1 Rde8 30. Re1 Qb4 31. Rc1 Rxe3 32. Rxe3 Rxe3 33. Ne4 Bd4 34.
Kf1 Ne5 35. Nf2 Rxd3 36. Nxd3 b5 37. Nxb4 1-0

[Event "Hessen-ch B"]
[Site "Frankfurt/Main"]
[Date "2019.06.01"]
[Round "5"]
[White "Bahlo, Jens"]
[Black "Sakhra, Roman"]
[Result "1-0"]
[WhiteElo "1915"]
[BlackElo "1516"]
[PlyCount "21"]
[EventDate "2019.05.30"]
[EventType "swiss"]
[EventRounds "7"]
[EventCountry "GER"]

1. e4 e5 2. d4 exd4 3. Qxd4 Nc6 4. Qe3 Nf6 5. Bd2 d5 6. exd5+ Ne7 7. c4 b5 8.
Nc3 bxc4 9. Bxc4 Bb7 10. Bb5+ c6 11. dxc6 1-0

[Event "Hessen-ch B"]
[Site "Frankfurt/Main"]
[Date "2019.06.01"]
[Round "5"]
[White "Elpelt, Frank"]
[Black "Hoerhold, Karola"]
[Result "1/2-1/2"]
[WhiteElo "1572"]
[BlackElo "1727"]
[PlyCount "74"]
[EventDate "2019.05.30"]
[EventType "swiss"]
[EventRounds "7"]
[EventCountry "GER"]

1. e4 e5 2. Nf3 Nc6 3. Bb5 a6 4. Bxc6 dxc6 5. O-O Bg4 6. h3 Bh5 7. d3 Bd6 8.
Be3 Ne7 9. Nbd2 f5 10. exf5 Nxf5 11. Nc4 Nxe3 12. Nxd6+ cxd6 13. fxe3 O-O 14.
Qd2 Qe7 15. Rf2 Bxf3 16. Rxf3 Rxf3 17. gxf3 Qg5+ 18. Kh2 Rf8 19. Qf2 Qf5 20.
Rf1 Qe6 21. b3 Rf6 22. Rg1 Qf7 23. Rf1 d5 24. Qg3 Qe7 25. a4 Rg6 26. Qf2 Qd6
27. f4 Rf6 28. Qh4 exf4 29. Rxf4 Rh6 30. Qg4 Qb8 31. Kh1 Qe8 32. e4 Re6 33. Qf3
dxe4 34. Rxe4 Rxe4 35. dxe4 Qf7 36. Qd3 g6 37. Kg2 Kg7 1/2-1/2

[Event "Hessen-ch B"]
[Site "Frankfurt/Main"]
[Date "2019.06.01"]
[Round "5"]
[White "Feicht, Arno"]
[Black "Karl, Florian"]
[Result "0-1"]
[WhiteElo "1881"]
[BlackElo "1608"]
[PlyCount "110"]
[EventDate "2019.05.30"]
[EventType "swiss"]
[EventRounds "7"]
[EventCountry "GER"]

1. e4 c5 2. a3 Nc6 3. b4 cxb4 4. axb4 Nxb4 5. d4 d5 6. c3 Nc6 7. exd5 Qxd5 8.
Na3 e6 9. Nb5 Bd6 10. Bc4 Qe4+ 11. Ne2 Bb8 12. O-O Nge7 13. f4 Nf5 14. Bd3 Qd5
15. c4 Qd8 16. Bxf5 exf5 17. d5 Ne7 18. Qd4 O-O 19. Bb2 f6 20. Nxa7 Bxa7 21.
Rxa7 Rxa7 22. Qxa7 b5 23. cxb5 Qxd5 24. Nc3 Qd2 25. Ba1 Ng6 26. Qc7 Re8 27.
Qc4+ Be6 28. Qc6 Bd7 29. Qf3 Qd4+ 30. Kh1 Qc4 31. Qd5+ Qxd5 32. Nxd5 Bxb5 33.
Nc7 Bxf1 34. Nxe8 Nxf4 35. g3 Nd5 36. Kg1 Bd3 37. Kf2 Kf7 38. Nd6+ Ke6 39. Nb7
Be4 40. h3 g5 41. Nc5+ Kf7 42. Bb2 h5 43. Ba1 Kg6 44. Bb2 Bc2 45. Ba1 f4 46.
Kf3 fxg3 47. Kxg3 h4+ 48. Kh2 Bf5 49. Nb3 Nf4 50. Nd4 Bxh3 51. Nf3 Bc8 52. Bc3
Bb7 53. Ne1 g4 54. Bd2 g3+ 55. Kg1 h3 0-1

[Event "Hessen-ch B"]
[Site "Frankfurt/Main"]
[Date "2019.06.01"]
[Round "5"]
[White "Ghaznavi, Massoud"]
[Black "von Beckh, Frieda"]
[Result "0-1"]
[WhiteElo "1601"]
[BlackElo "1465"]
[PlyCount "54"]
[EventDate "2019.05.30"]
[EventType "swiss"]
[EventRounds "7"]
[EventCountry "GER"]

1. c4 e5 2. e4 Nc6 3. d3 Bc5 4. Nf3 Nf6 5. Be2 h6 6. O-O O-O 7. Bd2 d6 8. a3 a6
9. b4 Ba7 10. Nc3 Nd4 11. h3 c6 12. Nh2 Be6 13. Bg4 Nxg4 14. Nxg4 f5 15. Nh2 f4
16. Ne2 Qg5 17. Kh1 Rf6 18. Ng1 Rg6 19. g4 h5 20. Ngf3 Nxf3 21. Nxf3 Qh6 22. g5
Rxg5 23. Nxg5 Qxg5 24. Rg1 Qh4 25. Qf3 Bxh3 26. Rxg7+ Kxg7 27. Kg1 Rg8 0-1

[Event "Hessen-ch B"]
[Site "Frankfurt/Main"]
[Date "2019.06.01"]
[Round "5"]
[White "Goodwin, David"]
[Black "Catalano, Enzo"]
[Result "1/2-1/2"]
[WhiteElo "1546"]
[BlackElo "1596"]
[PlyCount "35"]
[EventDate "2019.05.30"]
[EventType "swiss"]
[EventRounds "7"]
[EventCountry "GER"]

1. Nf3 Nf6 2. g3 g6 3. Bg2 Bg7 4. d3 d5 5. Nbd2 c5 6. c4 e6 7. O-O O-O 8. d4
cxd4 9. Nxd4 e5 10. Nc2 Nc6 11. cxd5 Nxd5 12. Nb3 Nb6 13. Ne3 Qe7 14. Nd5 Nxd5
15. Qxd5 Be6 16. Qc5 Qc7 17. Bd2 Rac8 18. Qc1 1/2-1/2

[Event "Hessen-ch B"]
[Site "Frankfurt/Main"]
[Date "2019.06.01"]
[Round "5"]
[White "Graef, Kilian Gabriel"]
[Black "Saluvar, Buelent"]
[Result "1/2-1/2"]
[WhiteElo "1411"]
[BlackElo "1692"]
[PlyCount "45"]
[EventDate "2019.05.30"]
[EventType "swiss"]
[EventRounds "7"]
[EventCountry "GER"]

1. d4 Nf6 2. c4 e6 3. Nc3 Bb4 4. e3 b6 5. Nge2 Bb7 6. a3 Be7 7. Qc2 d5 8. Nf4
O-O 9. cxd5 exd5 10. b4 Re8 11. Bd3 Bd6 12. Nfe2 a6 13. Bb2 Nbd7 14. O-O Bxh2+
15. Kxh2 Ng4+ 16. Kh3 Qg5 17. Bxh7+ Kf8 18. Qf5 Qh6+ 19. Kxg4 Qd6 20. Nf4 Nf6+
21. Kf3 Bc8 22. Qc2 Bg4+ 23. Kg3 1/2-1/2

[Event "Hessen-ch B"]
[Site "Frankfurt/Main"]
[Date "2019.06.01"]
[Round "5"]
[White "Haftmann, Rainer"]
[Black "Graef, Jakob Vincent"]
[Result "1-0"]
[WhiteElo "1727"]
[BlackElo "1574"]
[PlyCount "65"]
[EventDate "2019.05.30"]
[EventType "swiss"]
[EventRounds "7"]
[EventCountry "GER"]

1. e4 c6 2. d4 d5 3. exd5 cxd5 4. Bd3 Qc7 5. Nf3 Nf6 6. h3 Nc6 7. c3 e6 8. O-O
Bd6 9. Re1 O-O 10. Bg5 Be7 11. Ne5 h6 12. Bxf6 Bxf6 13. f4 Nxe5 14. fxe5 Bg5
15. Nd2 Qb6 16. Rb1 Bd7 17. Nf3 Bf4 18. Kh1 Bb5 19. Qe2 Bxd3 20. Qxd3 Qd8 21.
Re2 Qe7 22. Rf1 f6 23. Nh4 fxe5 24. Ng6 Qc7 25. dxe5 Bxe5 26. Rxf8+ Rxf8 27.
Rxe5 Rf6 28. Re1 Qb6 29. Rf1 Rxf1+ 30. Qxf1 Qxb2 31. Ne7+ Kh7 32. Qf8 Qc1+ 33.
Kh2 1-0

[Event "Hessen-ch B"]
[Site "Frankfurt/Main"]
[Date "2019.06.01"]
[Round "5"]
[White "Kabakci, Cem"]
[Black "Muenstermann, Matthias"]
[Result "1-0"]
[WhiteElo "1632"]
[BlackElo "1783"]
[PlyCount "89"]
[EventDate "2019.05.30"]
[EventType "swiss"]
[EventRounds "7"]
[EventCountry "GER"]

1. Nf3 d5 2. e4 dxe4 3. Ng5 Nf6 4. Qe2 Bg4 5. Qb5+ Nc6 6. Qxb7 Nd4 7. Bb5+ Nxb5
8. Qxb5+ Qd7 9. Qc4 Bh5 10. Nxe4 Rd8 11. Nbc3 Nxe4 12. Nxe4 e6 13. d3 Be7 14.
Be3 a5 15. O-O O-O 16. Bc5 Rfe8 17. Bxe7 Qxe7 18. Qc5 Qh4 19. Qxc7 f5 20. Ng3
Bg6 21. Qxa5 f4 22. Ne4 Rd5 23. Qa4 f3 24. gxf3 Rh5 25. Rfe1 Qh3 26. Ng3 Qxh2+
27. Kf1 Qh3+ 28. Ke2 Re5+ 29. Kd2 Rxe1 30. Rxe1 Qg2 31. Ke3 Rf8 32. Qc6 Qh3 33.
Rh1 Qg2 34. Qxe6+ Bf7 35. Qh3 Re8+ 36. Ne4 Qg5+ 37. Ke2 Bg6 38. Kd1 Qe5 39. Kc1
Qf4+ 40. Kd1 Qe5 41. Kc1 Rb8 42. Nc3 Qf4+ 43. Kb1 Qb4 44. Nd1 Qf4 45. Qg3 1-0

[Event "Hessen-ch B"]
[Site "Frankfurt/Main"]
[Date "2019.06.01"]
[Round "5"]
[White "Krist, Stephan"]
[Black "Hynar, Alexandra"]
[Result "0-1"]
[WhiteElo "1618"]
[BlackElo "1765"]
[PlyCount "88"]
[EventDate "2019.05.30"]
[EventType "swiss"]
[EventRounds "7"]
[EventCountry "GER"]

1. e4 e5 2. Nf3 Nc6 3. Bb5 d6 4. O-O Bd7 5. c3 Nf6 6. Re1 a6 7. Ba4 b5 8. Bc2
Be7 9. d4 exd4 10. cxd4 Bg4 11. d5 Ne5 12. Nbd2 O-O 13. b3 Nfd7 14. Bb2 Bf6 15.
Bxe5 Nxe5 16. Rb1 Bg5 17. Nf1 Nxf3+ 18. gxf3 Bh5 19. e5 dxe5 20. Rxe5 Qf6 21.
Rf5 Qh6 22. Re5 Bf4 23. Re1 Rad8 24. Ng3 Bg6 25. Be4 c6 26. Bxg6 Qxg6 27. Qd4
Bxg3 28. fxg3 Rxd5 29. Qb6 Qd6 30. Rbc1 Rd2 31. Rxc6 Qd3 32. Qe3 Qxe3+ 33. Rxe3
Rxa2 34. Rec3 g6 35. Rc8 Ra3 36. Kf1 Kg7 37. Rxf8 Kxf8 38. Ke1 a5 39. Kd2 b4
40. Rc5 Rxb3 41. Rxa5 Rxf3 42. Ke2 Ra3 43. Rd5 b3 44. Rd1 Ra2+ 0-1

[Event "Hessen-ch B"]
[Site "Frankfurt/Main"]
[Date "2019.06.01"]
[Round "5"]
[White "Lange, Martin"]
[Black "Horny, Guenter"]
[Result "1/2-1/2"]
[WhiteElo "1763"]
[BlackElo "1816"]
[PlyCount "39"]
[EventDate "2019.05.30"]
[EventType "swiss"]
[EventRounds "7"]
[EventCountry "GER"]

1. e4 c5 2. Nf3 d6 3. d4 cxd4 4. Nxd4 Nf6 5. Nc3 a6 6. f3 e5 7. Nb3 Be6 8. Be3
Be7 9. Qd2 b5 10. O-O-O O-O 11. g4 b4 12. Na4 Nfd7 13. Kb1 Nc6 14. Qf2 Qb8 15.
h4 Rc8 16. Bg5 Bf8 17. h5 Bxb3 18. cxb3 Nc5 19. Nxc5 dxc5 20. Bc4 1/2-1/2

[Event "Hessen-ch B"]
[Site "Frankfurt/Main"]
[Date "2019.06.01"]
[Round "5"]
[White "Meyer, Marcel"]
[Black "Weber, Andreas"]
[Result "0-1"]
[WhiteElo "1820"]
[BlackElo "1694"]
[PlyCount "46"]
[EventDate "2019.05.30"]
[EventType "swiss"]
[EventRounds "7"]
[EventCountry "GER"]

1. d4 Nf6 2. c4 g6 3. Nc3 Bg7 4. e4 d6 5. Nf3 O-O 6. Be2 e5 7. O-O Nc6 8. d5
Ne7 9. b4 Nh5 10. Re1 f5 11. Qb3 Kh8 12. a4 fxe4 13. Ng5 Nf4 14. Ncxe4 Nf5 15.
Bf1 Nd4 16. Qd1 h6 17. Nh3 Nxh3+ 18. gxh3 Nf3+ 19. Kh1 Nxe1 20. Qxe1 Qh4 21.
Ra3 Bf5 22. Ng3 Bxh3 23. Nh5 Bxf1 0-1

[Event "Hessen-ch B"]
[Site "Frankfurt/Main"]
[Date "2019.06.01"]
[Round "5"]
[White "Osterloh, Felix"]
[Black "Eckert, Hanno"]
[Result "1/2-1/2"]
[WhiteElo "1833"]
[BlackElo "1487"]
[PlyCount "46"]
[EventDate "2019.05.30"]
[EventType "swiss"]
[EventRounds "7"]
[EventCountry "GER"]

1. Nf3 Nf6 2. g3 c5 3. Bg2 g6 4. O-O Bg7 5. d3 d6 6. e4 O-O 7. c3 Nc6 8. Na3 e5
9. Nc2 Rb8 10. Bg5 h6 11. Bxf6 Bxf6 12. Ne3 Be6 13. Nd5 Bxd5 14. exd5 Ne7 15.
Nd2 Bg7 16. f4 b5 17. fxe5 Bxe5 18. Rb1 Nf5 19. Qf3 Qb6 20. Bh3 Ne7 21. c4 f5
22. b3 Bd4+ 23. Kh1 b4 1/2-1/2

[Event "Hessen-ch B"]
[Site "Frankfurt/Main"]
[Date "2019.06.01"]
[Round "5"]
[White "Ruhl, Marcel"]
[Black "Pabel, Ralph"]
[Result "1/2-1/2"]
[WhiteElo "1651"]
[BlackElo "1903"]
[PlyCount "81"]
[EventDate "2019.05.30"]
[EventType "swiss"]
[EventRounds "7"]
[EventCountry "GER"]

1. c4 e5 2. e3 g6 3. Nc3 Bg7 4. Nf3 f5 5. d4 e4 6. Nd2 Nc6 7. Be2 Nf6 8. O-O
O-O 9. b3 a5 10. Bb2 b6 11. Nb5 d6 12. Qc1 Nd7 13. f3 exf3 14. Bxf3 Bb7 15.
Bd5+ Kh8 16. Nf3 Rb8 17. h4 Nb4 18. Bxb7 Rxb7 19. Qd2 Nf6 20. Nc3 c6 21. a3 Na6
22. Rae1 Re7 23. Ne2 Ne4 24. Qc1 Nc7 25. Nd2 Nf6 26. Nf4 Ng4 27. e4 Nh6 28. g3
Rfe8 29. Qc2 d5 30. e5 c5 31. Nf3 cxd4 32. Bxd4 Ne6 33. Nxe6 Rxe6 34. Kg2 Nf7
35. Re2 Qd7 36. Rfe1 Rc8 37. Rc1 dxc4 38. bxc4 Qc6 39. Qc3 h6 40. Kf2 Qc7 41.
Qb3 1/2-1/2

[Event "Hessen-ch B"]
[Site "Frankfurt/Main"]
[Date "2019.06.01"]
[Round "5"]
[White "Schimmer, Michael"]
[Black "Warter, Simon"]
[Result "0-1"]
[WhiteElo "1805"]
[BlackElo "1439"]
[PlyCount "30"]
[EventDate "2019.05.30"]
[EventType "swiss"]
[EventRounds "7"]
[EventCountry "GER"]

1. e4 e5 2. Nf3 Nc6 3. d4 exd4 4. Nxd4 Nf6 5. Nc3 Bb4 6. Nxc6 bxc6 7. Bd3 O-O
8. O-O Re8 9. Qf3 h6 10. Ne2 d5 11. exd5 Bg4 12. Qg3 Bxe2 13. Bxe2 Rxe2 14.
Bxh6 Bf8 15. dxc6 Qd6 0-1

[Event "Hessen-ch B"]
[Site "Frankfurt/Main"]
[Date "2019.06.01"]
[Round "5"]
[White "Schmitt, Clemens"]
[Black "Horatschek, Martin jr."]
[Result "1-0"]
[WhiteElo "1767"]
[BlackElo "1689"]
[PlyCount "79"]
[EventDate "2019.05.30"]
[EventType "swiss"]
[EventRounds "7"]
[EventCountry "GER"]

1. c4 Nf6 2. g3 d5 3. cxd5 Qxd5 4. Nf3 Nc6 5. Bg2 e5 6. Nc3 Qd8 7. O-O Be7 8.
d3 O-O 9. a3 Rb8 10. b4 Nd5 11. Nxd5 Qxd5 12. Bb2 Qe6 13. b5 e4 14. dxe4 Na5
15. Qd4 Bf6 16. e5 Nb3 17. Qxa7 Nxa1 18. Qxb8 Be7 19. Bxa1 Qb6 20. Bd4 Bc5 21.
Bxc5 Qxc5 22. b6 Qxb6 23. Rc1 c6 24. Qd6 Be6 25. Ng5 Qb2 26. Qc5 Bf5 27. e4 Bg4
28. f3 Bd7 29. Rd1 h6 30. Nh3 Be6 31. Nf2 Ra8 32. Bh3 Bb3 33. Rc1 Ba4 34. e6
fxe6 35. Bxe6+ Kh8 36. Qc3 Qb6 37. Kg2 Rd8 38. Nd3 Rxd3 39. Qxd3 Qb2+ 40. Kh3
1-0

[Event "Hessen-ch B"]
[Site "Frankfurt/Main"]
[Date "2019.06.01"]
[Round "5"]
[White "Scholz, Michael"]
[Black "Hambel, Christoph"]
[Result "1/2-1/2"]
[WhiteElo "1855"]
[BlackElo "1783"]
[PlyCount "90"]
[EventDate "2019.05.30"]
[EventType "swiss"]
[EventRounds "7"]
[EventCountry "GER"]

1. f4 d5 2. Nf3 Nf6 3. b3 Bf5 4. Bb2 c5 5. e3 Nc6 6. Bb5 Nd7 7. O-O e6 8. d3
Qc7 9. Bxc6 Qxc6 10. Qe1 O-O-O 11. a4 Be7 12. Na3 f6 13. Nb5 Kb8 14. Nh4 a6 15.
Na3 Bg4 16. Nf3 Bd6 17. c4 h5 18. Nc2 Bf5 19. Qd2 Rhg8 20. Nh4 Bh7 21. f5 Ne5
22. Bxe5 Bxe5 23. Ra2 dxc4 24. bxc4 exf5 25. Nxf5 Qd7 26. Qf2 Qxd3 27. Ne1 Qxc4
28. Rc2 Qe4 29. Ng3 Qc6 30. Ra2 Qc7 31. Nf3 Bxg3 32. hxg3 Rge8 33. Rc1 Rd5 34.
Ra3 Red8 35. Rac3 Rd1+ 36. Rxd1 Rxd1+ 37. Kh2 Qd7 38. a5 Qb5 39. e4 Qb1 40. Ng1
Qxe4 41. Qxc5 Qe8 42. Qc7+ Ka8 43. Qxg7 Be4 44. Nh3 Qd8 45. Nf2 Rd4 1/2-1/2

[Event "Hessen-ch B"]
[Site "Frankfurt/Main"]
[Date "2019.06.01"]
[Round "5"]
[White "Shehab, Tarek"]
[Black "Buchholz, Maja"]
[Result "0-1"]
[WhiteElo "1585"]
[BlackElo "1657"]
[PlyCount "116"]
[EventDate "2019.05.30"]
[EventType "swiss"]
[EventRounds "7"]
[EventCountry "GER"]

1. e4 c5 2. d4 cxd4 3. c3 d3 4. Bxd3 g6 5. Nf3 Bg7 6. O-O Nf6 7. Bf4 Nc6 8. Na3
O-O 9. Nc2 d6 10. h3 a6 11. Qd2 Re8 12. Rfe1 b5 13. Ncd4 Na5 14. Bh6 Bh8 15.
Rad1 Bb7 16. Qe2 Rc8 17. e5 dxe5 18. Nxe5 Bd5 19. Ndf3 Qc7 20. Bb1 Qb7 21. Nd3
Nc4 22. Nf4 Bxf3 23. gxf3 Rc5 24. Kh2 Re5 25. Qc2 Rxe1 26. Rxe1 Qxf3 27. Nd3
Nd7 28. Qe2 Qb7 29. Kg1 Qc8 30. Nf4 Qb7 31. Ne6 Nde5 32. Ng5 Bf6 33. b3 Bxg5
34. Be4 Qd7 35. Bxg5 Nd6 36. Bg2 Nc6 37. Rd1 Nd8 38. Bh6 Ne6 39. Bd5 Qc8 40.
Qf3 Rd8 41. Re1 Nf5 42. Bxe6 fxe6 43. Bc1 Rd6 44. Ba3 Rd8 45. Bb4 Rf8 46. Qe4
Kf7 47. Qe5 Qc6 48. Ba3 Qd5 49. Bb2 Rd8 50. Qf4 Qd2 51. Qxd2 Rxd2 52. Bc1 Rxa2
53. Rd1 Rc2 54. Bd2 Nh4 55. Be3 Rxc3 56. b4 Ra3 57. Bb6 Ra4 58. Rd4 Nf3+ 0-1

[Event "Hessen-ch B"]
[Site "Frankfurt/Main"]
[Date "2019.06.01"]
[Round "5"]
[White "Siegismund, Florian"]
[Black "Adamczyk, Matthias"]
[Result "1/2-1/2"]
[WhiteElo "1777"]
[BlackElo "1949"]
[PlyCount "78"]
[EventDate "2019.05.30"]
[EventType "swiss"]
[EventRounds "7"]
[EventCountry "GER"]

1. d4 d5 2. c4 e6 3. cxd5 exd5 4. Nc3 Nf6 5. Bg5 c6 6. Qc2 Bb4 7. e3 Be6 8. Bd3
h6 9. Bh4 Nbd7 10. Nge2 O-O 11. O-O Qc7 12. Bg3 Bd6 13. Nb5 cxb5 14. Qxc7 Bxc7
15. Bxc7 Rfc8 16. Rfc1 a6 17. Nf4 Ne8 18. Nxe6 fxe6 19. Bg3 Nb6 20. b3 Kf7 21.
Kf1 Ke7 22. Ke2 Rc6 23. Rxc6 bxc6 24. Rc1 Kd7 25. Be5 Nf6 26. f4 Nc8 27. f5 Ne7
28. fxe6+ Kxe6 29. h3 g5 30. Rf1 Nfg8 31. Kd2 a5 32. Be2 Nf5 33. Bg4 Rf8 34. a4
bxa4 35. bxa4 Nge7 36. Bxf5+ Rxf5 37. Rxf5 Nxf5 38. Bc7 Nd6 39. Bxd6 Kxd6
1/2-1/2

[Event "Hessen-ch B"]
[Site "Frankfurt/Main"]
[Date "2019.06.01"]
[Round "5"]
[White "Weiland, Thomas"]
[Black "John, Volkmar"]
[Result "1/2-1/2"]
[WhiteElo "1817"]
[BlackElo "1654"]
[PlyCount "43"]
[EventDate "2019.05.30"]
[EventType "swiss"]
[EventRounds "7"]
[EventCountry "GER"]

1. e4 c5 2. Nf3 e6 3. c3 d5 4. exd5 exd5 5. Bb5+ Bd7 6. Qe2+ Qe7 7. Qxe7+ Bxe7
8. Bxd7+ Nxd7 9. d4 c4 10. O-O Ngf6 11. Bf4 O-O 12. Nbd2 Rfe8 13. Rfe1 Nh5 14.
Bg3 Nxg3 15. hxg3 Bf6 16. Kf1 Kf8 17. Nh2 Rxe1+ 18. Rxe1 Re8 19. Ndf3 Rxe1+ 20.
Kxe1 Ke7 21. Ng4 Ke6 22. Nxf6 1/2-1/2

[Event "Hessen-ch B"]
[Site "Frankfurt/Main"]
[Date "2019.06.01"]
[Round "5"]
[White "Westhof, Benedikt"]
[Black "Bjoerknes, Uwe"]
[Result "1-0"]
[WhiteElo "1655"]
[BlackElo "1796"]
[PlyCount "63"]
[EventDate "2019.05.30"]
[EventType "swiss"]
[EventRounds "7"]
[EventCountry "GER"]

1. d4 Nf6 2. c4 g6 3. Nc3 d5 4. cxd5 Nxd5 5. e4 Nxc3 6. bxc3 Bg7 7. Nf3 O-O 8.
Ba3 b6 9. Qc2 Bb7 10. Bd3 Nd7 11. O-O c5 12. d5 e6 13. Bc4 exd5 14. Bxd5 Bxd5
15. exd5 Ne5 16. Nxe5 Bxe5 17. Rad1 Qh4 18. g3 Qc4 19. Rd3 Rfd8 20. Rfd1 Qa6
21. c4 Rd6 22. Re1 Bf6 23. Rde3 h5 24. Qe2 Rdd8 25. Bc1 Qc8 26. Bb2 Bxb2 27.
Qxb2 Qg4 28. Re4 Qc8 29. Qf6 Rf8 30. R1e3 b5 31. g4 hxg4 32. Rh3 1-0